[Event "Paracin op 01"]
[Site "Paracin"]
[Date "2022.01.17"]
[Round "1"]
[White "Suciu, Dinu Simi"]
[Black "Delic, Miladin"]
[Result "1-0"]
[WhiteElo "2042"]
[BlackElo "1681"]
[PlyCount "55"]
[EventDate "2022.01.17"]
[EventType "swiss"]
[EventRounds "9"]
[EventCountry "SRB"]
[SourceTitle "CBM 206 Extra"]
[Source "ChessBase"]
[SourceDate "2022.03.31"]
[SourceVersion "1"]
[SourceVersionDate "2022.03.31"]
[SourceQuality "1"]

1. e4 e5 2. Nf3 Nc6 3. Bb5 Bc5 4. 0-0 d6 5. d4 exd4 6. Nxd4 Nge7 7. Nc3 0-0 8. Be3 Nxd4 9. Bxd4 Bxd4 10. Qxd4 Ng6 11. Rad1 Qg5 12. Rd3 Be6 13. Rg3 Qe7 14. f4 c5 15. Qd2 f5 16. exf5 Bxf5 17. Bd3 Bxd3 18. Rxd3 Qf7 19. Rxd6 Nxf4 20. Rf3 Nh3+ 21. Kh1 Qc4 22. Qd5+ Qxd5 23. Nxd5 Rxf3 24. gxf3 Ng5 25. Kg2 Re8 26. h4 Nf7 27. Rd7 Rb8 28. Kg3 1-0

[Event "Arad op 13th"]
[Site "Arad"]
[Date "2020.09.30"]
[Round "9"]
[White "Daianu, Cristian Clement"]
[Black "Suciu, Dinu Simi"]
[Result "1/2-1/2"]
[WhiteElo "2224"]
[BlackElo "2050"]
[PlyCount "28"]
[EventDate "2020.09.25"]
[EventType "swiss"]
[EventRounds "9"]
[EventCountry "ROU"]
[SourceTitle "CBM 198 Extra"]
[Source "ChessBase"]
[SourceDate "2020.11.30"]
[SourceVersion "1"]
[SourceVersionDate "2020.11.30"]
[SourceQuality "1"]

1. e4 c6 2. d4 d5 3. f3 e6 4. Be3 dxe4 5. fxe4 Qh4+ 6. g3 Qxe4 7. Qe2 Qd5 8. Bg2 Qa5+ 9. Nd2 Nf6 10. Ngf3 Be7 11. 0-0 0-0 12. Nc4 Qa6 13. Bg5 Nbd7 14. Rad1 Nb6 1/2-1/2

[Event "Arad op 13th"]
[Site "Arad"]
[Date "2020.09.26"]
[Round "2"]
[White "Suciu, Dinu Simi"]
[Black "Manolache, Marius"]
[Result "0-1"]
[WhiteElo "2050"]
[BlackElo "2541"]
[PlyCount "64"]
[EventDate "2020.09.25"]
[EventType "swiss"]
[EventRounds "9"]
[EventCountry "ROU"]
[SourceTitle "CBM 198 Extra"]
[Source "ChessBase"]
[SourceDate "2020.11.30"]
[SourceVersion "1"]
[SourceVersionDate "2020.11.30"]
[SourceQuality "1"]

1. d4 Nf6 2. Nf3 g6 3. e3 Bg7 4. Bd3 d6 5. 0-0 0-0 6. Nbd2 Nc6 7. c3 e5 8. Qc2 Qe7 9. Re1 a6 10. a4 Bg4 11. dxe5 dxe5 12. e4 Nh5 13. h3 Be6 14. Bc4 Nf4 15. Bxe6 fxe6 16. b3 Rf7 17. Ba3 Qf6 18. Bc5 g5 19. Nh2 h5 20. Ndf1 Kh8 21. Rad1 Rg8 22. Rd2 b6 23. Be3 Ne7 24. Rd7 Neg6 25. Rxf7 Qxf7 26. Bc1 Nh4 27. Ne3 Bf8 28. b4 g4 29. hxg4 hxg4 30. g3 Nf3+ 31. Nxf3 gxf3 32. Qd1 Qh5 0-1

[Event "Wch Seniors 50 29th"]
[Site "Bucharest"]
[Date "2019.11.21"]
[Round "9"]
[White "Suciu, Dinu Simi"]
[Black "Kirppo, Ronny"]
[Result "1-0"]
[WhiteElo "2086"]
[BlackElo "1901"]
[PlyCount "117"]
[EventDate "2019.11.12"]
[EventType "swiss"]
[EventRounds "11"]
[EventCountry "ROU"]
[SourceTitle "CBM 193 Extra"]
[Source "ChessBase"]
[SourceDate "2020.01.31"]
[SourceVersion "1"]
[SourceVersionDate "2020.01.31"]
[SourceQuality "1"]

1. e4 c5 2. Nf3 Nc6 3. g3 g6 4. Bg2 Bg7 5. 0-0 Nf6 6. Re1 0-0 7. c3 d5 8. e5 Ng4 9. d4 b6 10. h3 Nh6 11. Bf4 e6 12. Qd2 Nf5 13. g4 Nfe7 14. Na3 a6 15. Nc2 Kh8 16. Ne3 Ng8 17. Nf1 Ra7 18. Ng3 cxd4 19. cxd4 Rc7 20. h4 Qe7 21. Rac1 Bd7 22. Bf1 b5 23. Rc5 Rfc8 24. b4 Nd8 25. Rec1 Rxc5 26. dxc5 Nc6 27. h5 f5 28. g5 Qf7 29. Be2 Nge7 30. h6 Bf8 31. Bd3 Ra8 32. a3 Rb8 33. Ne2 Rc8 34. Bh2 Ra8 35. Ne1 Kg8 36. f4 Nc8 37. Kg2 Be8 38. Bg1 Qb7 39. Nc2 N8a7 40. Kg3 Qd7 41. Nc3 Be7 42. Bd4 Rb8 43. Rb1 Qc7 44. Qe2 Bd7 45. Kf3 Bc8 46. a4 Bd7 47. axb5 Nxb5 48. Nxb5 axb5 49. Ra1 Qb7 50. Ke3 Bd8 51. Ra3 Kf7 52. Kd2 Kg8 53. Qf1 Kf7 54. Qa1 Bc8 55. Kc3 Qc7 56. Qa2 Be7 57. Na1 Nxb4 58. Kxb4 Bxc5+ 59. Bxc5 1-0

[Event "Wch Seniors 50 29th"]
[Site "Bucharest"]
[Date "2019.11.19"]
[Round "7"]
[White "Suciu, Dinu Simi"]
[Black "Koehler, Gerhard"]
[Result "1/2-1/2"]
[WhiteElo "2086"]
[BlackElo "2184"]
[PlyCount "51"]
[EventDate "2019.11.12"]
[EventType "swiss"]
[EventRounds "11"]
[EventCountry "ROU"]
[SourceTitle "CBM 193 Extra"]
[Source "ChessBase"]
[SourceDate "2020.01.31"]
[SourceVersion "1"]
[SourceVersionDate "2020.01.31"]
[SourceQuality "1"]

1. Nf3 c5 2. g3 Nc6 3. Bg2 g6 4. c4 Bg7 5. Nc3 e6 6. e3 Nge7 7. d4 cxd4 8. Nxd4 Nxd4 9. exd4 d6 10. 0-0 0-0 11. Be3 Nf5 12. Qd2 Qc7 13. b3 a6 14. Rac1 Bd7 15. d5 Nxe3 16. Qxe3 e5 17. Ne4 f5 18. Ng5 Bh6 19. f4 Bxg5 20. fxg5 Rac8 21. b4 b6 22. Rfe1 f4 23. Qb3 Qd8 24. h3 fxg3 25. Qxg3 Rf4 26. Re4 1/2-1/2

[Event "ROM-chT div-A"]
[Site "Mamaia"]
[Date "2019.09.29"]
[Round "9.3"]
[White "Nastore, Pavel Alexandru"]
[Black "Suciu, Dinu Simi"]
[Result "1-0"]
[WhiteElo "2030"]
[BlackElo "2084"]
[PlyCount "69"]
[EventDate "2019.09.21"]
[EventType "team-tourn"]
[EventRounds "9"]
[EventCountry "ROU"]
[SourceTitle "EXT 2020"]
[Source "ChessBase"]
[SourceDate "2019.10.17"]
[SourceVersion "1"]
[SourceVersionDate "2019.10.17"]
[SourceQuality "1"]
[WhiteTeam "Buzau Phoenix"]
[BlackTeam "Resita Muncitorul"]
[WhiteTeamCountry "ROU"]
[BlackTeamCountry "ROU"]

1. e4 c6 2. d4 d5 3. exd5 cxd5 4. c4 Nf6 5. Nc3 Nc6 6. Nf3 e6 7. Bd3 Nb4 8. Be2 dxc4 9. Bxc4 Be7 10. 0-0 0-0 11. Re1 b6 12. Bg5 Bb7 13. Bb3 Rc8 14. a3 Nbd5 15. Qd3 Qd6 16. Ne5 Rfd8 17. Bc2 g6 18. Qh3 a6 19. Rad1 Nxc3 20. bxc3 Nh5 21. Bh6 f5 22. Bb3 Ng7 23. Bxg7 Kxg7 24. Nf7 Qc6 25. Nxd8 Bxd8 26. Bxe6 Rc7 27. c4 Bf6 28. Bd5 Qa4 29. Bxb7 Rxb7 30. Qd3 Rc7 31. Rc1 Qd7 32. d5 Rc5 33. Re6 b5 34. Rxf6 bxc4 35. Qc3 1-0

[Event "ROM-chT2"]
[Site "Gilau"]
[Date "2018.10.12"]
[Round "6.2"]
[White "Suciu, Dinu Simi"]
[Black "Ghimpu, Samuel Timotei"]
[Result "1/2-1/2"]
[WhiteElo "2122"]
[BlackElo "2227"]
[PlyCount "38"]
[EventDate "2018.10.07"]
[EventType "team-swiss"]
[EventRounds "9"]
[EventCountry "ROU"]
[SourceTitle "CBM 187 Extra"]
[Source "ChessBase"]
[SourceDate "2018.11.04"]
[SourceVersion "1"]
[SourceVersionDate "2018.11.04"]
[SourceQuality "1"]
[WhiteTeam "Resita Muncitorul"]
[BlackTeam "Galati Smart"]
[WhiteTeamCountry "ROU"]
[BlackTeamCountry "ROU"]

1. d4 e6 2. Nf3 Nf6 3. Nbd2 c5 4. e3 d5 5. c3 Nc6 6. Bd3 Bd6 7. Qe2 0-0 8. 0-0 Re8 9. dxc5 Bxc5 10. e4 e5 11. exd5 Nxd5 12. Nc4 Nc7 13. Nfxe5 h6 14. Nxf7 Kxf7 15. Qh5+ Kg8 16. Bxh6 gxh6 17. Qg6+ Kh8 18. Qxh6+ Kg8 19. Qh7+ Kf8 1/2-1/2

[Event "ROM-chT2"]
[Site "Gilau"]
[Date "2018.10.08"]
[Round "2.2"]
[White "Suciu, Dinu Simi"]
[Black "Oprisor, Razvan Gabriel"]
[Result "1/2-1/2"]
[WhiteElo "2122"]
[BlackElo "2220"]
[PlyCount "35"]
[EventDate "2018.10.07"]
[EventType "team-swiss"]
[EventRounds "9"]
[EventCountry "ROU"]
[SourceTitle "CBM 187 Extra"]
[Source "ChessBase"]
[SourceDate "2018.11.04"]
[SourceVersion "1"]
[SourceVersionDate "2018.11.04"]
[SourceQuality "1"]
[WhiteTeam "Resita Muncitorul"]
[BlackTeam "Targoviste"]
[WhiteTeamCountry "ROU"]
[BlackTeamCountry "ROU"]

1. c4 e5 2. g3 Nf6 3. Bg2 Nc6 4. Nc3 Bb4 5. Nd5 0-0 6. Nxb4 Nxb4 7. a3 Nc6 8. e3 d6 9. Ne2 Be6 10. d3 Qd7 11. 0-0 Bh3 12. Nc3 Bxg2 13. Kxg2 d5 14. cxd5 Nxd5 15. Qb3 Nxc3 16. Qxc3 Rad8 17. Rd1 Qg4 18. f3 1/2-1/2

[Event "ROM-chT2"]
[Site "Slanic Moldova"]
[Date "2017.10.08"]
[Round "9.2"]
[White "Martinovici, Ilie"]
[Black "Suciu, Dinu Simi"]
[Result "1-0"]
[WhiteElo "2197"]
[BlackElo "2160"]
[PlyCount "53"]
[EventDate "2017.09.30"]
[EventType "team-tourn"]
[EventRounds "9"]
[EventCountry "ROU"]
[SourceTitle "CBM 181 Extra"]
[Source "ChessBase"]
[SourceDate "2017.12.12"]
[SourceVersion "1"]
[SourceVersionDate "2017.12.12"]
[SourceQuality "1"]
[WhiteTeam "Arad CSU"]
[BlackTeam "Resita Muncitorul"]
[WhiteTeamCountry "ROU"]
[BlackTeamCountry "ROU"]

1. d4 g6 2. c4 Bg7 3. Nc3 d6 4. e4 a6 5. Be3 c6 6. a4 a5 7. f3 Na6 8. Qd2 Qc7 9. Nge2 e5 10. 0-0-0 Nb4 11. Kb1 Nf6 12. Bh6 Bxh6 13. Qxh6 Qe7 14. d5 c5 15. Nb5 Kd8 16. g3 Ne8 17. Bg2 Qf8 18. Qe3 h5 19. f4 Qh6 20. Nxd6 Nxd6 21. Qxc5 Ne8 22. Qb6+ Kd7 23. Bh3+ f5 24. exf5 g5 25. Qxh6 Rxh6 26. f6+ g4 27. f7 1-0

[Event "ROM-chT2"]
[Site "Slanic Moldova"]
[Date "2017.09.30"]
[Round "1.2"]
[White "Suciu, Dinu Simi"]
[Black "Antonica, Dragos Andrei"]
[Result "1/2-1/2"]
[WhiteElo "2160"]
[BlackElo "2188"]
[PlyCount "108"]
[EventDate "2017.09.30"]
[EventType "team-tourn"]
[EventRounds "9"]
[EventCountry "ROU"]
[SourceTitle "CBM 181 Extra"]
[Source "ChessBase"]
[SourceDate "2017.12.12"]
[SourceVersion "1"]
[SourceVersionDate "2017.12.12"]
[SourceQuality "1"]
[WhiteTeam "Resita Muncitorul"]
[BlackTeam "Galati Diana"]
[WhiteTeamCountry "ROU"]
[BlackTeamCountry "ROU"]

1. Nf3 Nf6 2. g3 d5 3. Bg2 c5 4. 0-0 Nc6 5. d4 cxd4 6. Nxd4 Bd7 7. c4 e5 8. Nxc6 Bxc6 9. cxd5 Bxd5 10. Qa4+ Qd7 11. Qxd7+ Kxd7 12. Rd1 Ke6 13. Bh3+ Ke7 14. Nc3 Bc6 15. Be3 a6 16. Bb6 g6 17. e4 Nxe4 18. Nd5+ Bxd5 19. Rxd5 Ng5 20. Bg2 f6 21. Rad1 e4 22. Rd7+ Ke6 23. Rxb7 f5 24. h4 Nf7 25. Rdd7 Nd6 26. Rxh7 Rxh7 27. Rxh7 Be7 28. Bf1 Bf6 29. b3 Rc8 30. Ra7 Rc6 31. Rxa6 f4 32. gxf4 Bxh4 33. Be3 Rc2 34. b4 Kd5 35. Bc5 Nf5 36. Rxg6 Rxa2 37. Re6 Kxe6 38. Bc4+ Kd7 39. Bxa2 Kc6 40. Be6 Ne7 41. Kg2 Ng6 42. Be3 Be7 43. Bf7 Nh4+ 44. Kh3 Kb5 45. Bd5 Nf5 46. Bd2 Bxb4 47. Bxb4 Kxb4 48. Bxe4 Ng7 49. Kg4 Kc5 50. Bg6 Ne6 51. Bf7 Nf8 52. Kg5 Kd6 53. f5 Ke7 54. f6+ Kxf7 1/2-1/2

[Event "ROM-chT2"]
[Site "Mamaia"]
[Date "2015.10.11"]
[Round "9.3"]
[White "Cosma, Ioan"]
[Black "Suciu, Dinu Simi"]
[Result "1/2-1/2"]
[WhiteElo "2401"]
[BlackElo "2202"]
[PlyCount "23"]
[EventDate "2015.10.03"]
[EventType "team-tourn"]
[EventRounds "9"]
[EventCountry "ROU"]
[SourceTitle "CBM 169 Extra"]
[Source "ChessBase"]
[SourceDate "2015.12.18"]
[SourceVersion "1"]
[SourceVersionDate "2015.12.18"]
[SourceQuality "1"]
[WhiteTeam "Craiova Oltenia"]
[BlackTeam "Resita Muncitorul"]
[WhiteTeamCountry "ROU"]
[BlackTeamCountry "ROU"]

1. d4 d5 2. c4 c6 3. cxd5 cxd5 4. Nc3 Nf6 5. Bf4 a6 6. e3 Nc6 7. Nf3 Bf5 8. Bd3 Bxd3 9. Qxd3 e6 10. 0-0 Bd6 11. Bxd6 Qxd6 12. Rac1 1/2-1/2

[Event "ROM-chT2"]
[Site "Mamaia"]
[Date "2015.10.09"]
[Round "7.4"]
[White "Suciu, Dinu Simi"]
[Black "Helmer, Janos"]
[Result "1/2-1/2"]
[WhiteElo "2202"]
[BlackElo "2104"]
[PlyCount "53"]
[EventDate "2015.10.03"]
[EventType "team-tourn"]
[EventRounds "9"]
[EventCountry "ROU"]
[SourceTitle "CBM 169 Extra"]
[Source "ChessBase"]
[SourceDate "2015.12.18"]
[SourceVersion "1"]
[SourceVersionDate "2015.12.18"]
[SourceQuality "1"]
[WhiteTeam "Resita Muncitorul"]
[BlackTeam "Cluj Napoca"]
[WhiteTeamCountry "ROU"]
[BlackTeamCountry "ROU"]

1. d4 Nf6 2. Nf3 b6 3. Bg5 Bb7 4. Nbd2 d6 5. e3 Nbd7 6. Bd3 e5 7. dxe5 dxe5 8. Be4 Qb8 9. Bxb7 Qxb7 10. 0-0 Be7 11. Qe2 0-0 12. e4 Rfe8 13. Rfe1 h6 14. Bxf6 Bxf6 15. a4 a6 16. Nc4 b5 17. axb5 axb5 18. Na3 c6 19. c3 Ra4 20. Nc2 Rea8 21. Rxa4 Rxa4 22. Nb4 Nc5 23. g3 Qc7 24. h4 Be7 25. Kg2 Ne6 26. Nd3 Bd6 27. b4 1/2-1/2

[Event "ROM-chT2"]
[Site "Mamaia"]
[Date "2015.10.08"]
[Round "6.4"]
[White "Patrascu, Catalin Lucian"]
[Black "Suciu, Dinu Simi"]
[Result "1/2-1/2"]
[WhiteElo "2236"]
[BlackElo "2202"]
[PlyCount "91"]
[EventDate "2015.10.03"]
[EventType "team-tourn"]
[EventRounds "9"]
[EventCountry "ROU"]
[SourceTitle "CBM 169 Extra"]
[Source "ChessBase"]
[SourceDate "2015.12.18"]
[SourceVersion "1"]
[SourceVersionDate "2015.12.18"]
[SourceQuality "1"]
[WhiteTeam "Buzau Pheonix"]
[BlackTeam "Resita Muncitorul"]
[WhiteTeamCountry "ROU"]
[BlackTeamCountry "ROU"]

1. c4 c6 2. e4 g6 3. d4 Bg7 4. Nc3 d5 5. exd5 cxd5 6. cxd5 Nf6 7. Bb5+ Nbd7 8. d6 exd6 9. Qe2+ Qe7 10. Bf4 a6 11. Bxd6 Qxe2+ 12. Bxe2 Nb6 13. Nf3 Be6 14. 0-0 0-0-0 15. Be5 Nh5 16. Bxg7 Nxg7 17. Rfd1 Nf5 18. Rac1 Kb8 19. b3 Rd7 20. Ne4 Re7 21. Neg5 Bd5 22. Bd3 h6 23. Bxf5 hxg5 24. Bd3 Bxf3 25. gxf3 Nd5 26. Re1 Rd7 27. Bf1 Nf4 28. Rcd1 f5 29. Re3 Rhd8 30. d5 Rxd5 31. Rxd5 Rxd5 32. Re8+ Kc7 33. Rh8 Rd4 34. h3 b5 35. a3 Kc6 36. Rc8+ Kb6 37. Rb8+ Kc6 38. Rc8+ Kb6 39. Rh8 Ka7 40. Rh6 Kb6 41. Rh8 Ka5 42. Rh6 Rd1 43. h4 Ne2+ 44. Kg2 Nf4+ 45. Kg1 Ne2+ 46. Kg2 1/2-1/2

[Event "ROM-chT2"]
[Site "Calimanesti"]
[Date "2014.11.15"]
[Round "8.4"]
[White "Pit Rada, Mihail Cosmin"]
[Black "Suciu, Dinu Simi"]
[Result "0-1"]
[WhiteElo "2159"]
[BlackElo "2148"]
[PlyCount "122"]
[EventDate "2014.11.08"]
[EventType "team-tourn"]
[EventRounds "9"]
[EventCountry "ROU"]
[SourceTitle "CBM 163 Extra"]
[Source "ChessBase"]
[SourceDate "2014.12.23"]
[SourceVersion "1"]
[SourceVersionDate "2014.12.23"]
[SourceQuality "1"]
[WhiteTeam "Targoviste University"]
[BlackTeam "Resita Muncitorul"]
[WhiteTeamCountry "ROU"]
[BlackTeamCountry "ROU"]

1. e4 e6 2. d3 d5 3. Nd2 c5 4. g3 Nc6 5. Bg2 Nf6 6. Ngf3 Be7 7. 0-0 b5 8. Re1 Bb7 9. exd5 Nxd5 10. d4 cxd4 11. Nb3 0-0 12. Nfxd4 Nxd4 13. Nxd4 Qb6 14. Nb3 Bf6 15. c3 Rfd8 16. Qg4 Rac8 17. Bg5 Bxg5 18. Qxg5 b4 19. Rad1 h6 20. Qe5 bxc3 21. bxc3 Qc7 22. Qxc7 Rxc7 23. Na5 Ba6 24. Re5 Rxc3 25. Bxd5 Rc5 26. Nc6 Rxc6 27. Bxc6 Rxd1+ 28. Kg2 Rd6 29. Ba8 Bc4 30. a3 Bd5+ 31. Bxd5 Rxd5 32. Re3 g5 33. h3 Kg7 34. Re4 Ra5 35. a4 h5 36. Rb4 f5 37. Kf3 g4+ 38. hxg4 hxg4+ 39. Ke3 Kf6 40. Rc4 Ke5 41. Kd3 Kd6 42. Ke3 Rc5 43. Rb4 Rc3+ 44. Kf4 Rf3+ 45. Kg5 Rxf2 46. Rb7 Rf3 47. Kh4 Ke5 48. Rxa7 Rf1 49. Kg5 Ke4 50. a5 Ra1 51. Re7 Rxa5 52. Rxe6+ Kf3 53. Kh4 Ra8 54. Rb6 Rh8+ 55. Kg5 Kxg3 56. Rb3+ Kh2 57. Rb2+ Kh3 58. Rb1 Rg8+ 59. Kf4 g3 60. Rh1+ Kg2 61. Rb1 Kh2 0-1

[Event "ROM-chT2"]
[Site "Calimanesti"]
[Date "2014.11.13"]
[Round "6.4"]
[White "Pop, Alexandru"]
[Black "Suciu, Dinu Simi"]
[Result "0-1"]
[WhiteElo "2201"]
[BlackElo "2148"]
[PlyCount "118"]
[EventDate "2014.11.08"]
[EventType "team-tourn"]
[EventRounds "9"]
[EventCountry "ROU"]
[SourceTitle "CBM 163 Extra"]
[Source "ChessBase"]
[SourceDate "2014.12.23"]
[SourceVersion "1"]
[SourceVersionDate "2014.12.23"]
[SourceQuality "1"]
[WhiteTeam "Otopeni"]
[BlackTeam "Resita Muncitorul"]
[WhiteTeamCountry "ROU"]
[BlackTeamCountry "ROU"]

1. d4 d5 2. c4 c6 3. Nf3 Nf6 4. Nc3 a6 5. c5 Bf5 6. Bf4 Nbd7 7. h3 h6 8. e3 e6 9. Be2 Be7 10. 0-0 Qc8 11. b4 Bd8 12. a4 Bc7 13. b5 0-0 14. bxa6 bxa6 15. Bxc7 Qxc7 16. a5 Ra7 17. Qe1 e5 18. Na4 Re8 19. Ra3 Be4 20. Qd2 Bxf3 21. Bxf3 Ne4 22. Bxe4 dxe4 23. Rb3 Rd8 24. Rb6 Qc8 25. Rfb1 exd4 26. exd4 Nxb6 27. cxb6 Rad7 28. Nc5 Rxd4 29. Qe2 Qf5 30. Nxa6 e3 31. Rf1 Qxa5 32. b7 Rd2 33. Qxe3 Qxa6 34. Qxd2 Rxd2 35. b8Q+ Kh7 36. Qf4 Qd3 37. Qxf7 c5 38. Qf3 Qxf3 39. gxf3 Kg6 40. Rc1 Rd5 41. Rc4 Kf5 42. Kf1 Ke6 43. Ke2 Rf5 44. Ke3 Kd5 45. Re4 c4 46. Rd4+ Kc5 47. Rd7 g5 48. Rc7+ Kb4 49. Rc6 h5 50. Rb6+ Kc3 51. Ke2 Kc2 52. Ke3 c3 53. Rb4 Re5+ 54. Kd4 Re8 55. Rb5 Kd2 56. Rxg5 c2 57. Rc5 Re2 58. f4 Rxf2 59. f5 Rf3 0-1

[Event "ROM-chT2"]
[Site "Calimanesti"]
[Date "2014.11.08"]
[Round "1.4"]
[White "Helmer, Janos"]
[Black "Suciu, Dinu Simi"]
[Result "1/2-1/2"]
[WhiteElo "2103"]
[BlackElo "2148"]
[PlyCount "81"]
[EventDate "2014.11.08"]
[EventType "team-tourn"]
[EventRounds "9"]
[EventCountry "ROU"]
[SourceTitle "CBM 163 Extra"]
[Source "ChessBase"]
[SourceDate "2014.12.23"]
[SourceVersion "1"]
[SourceVersionDate "2014.12.23"]
[SourceQuality "1"]
[WhiteTeam "Cluj Napoca"]
[BlackTeam "Resita Muncitorul"]
[WhiteTeamCountry "ROU"]
[BlackTeamCountry "ROU"]

1. Nf3 d5 2. c4 c6 3. b3 Nf6 4. e3 Bg4 5. Bb2 e6 6. Be2 Nbd7 7. h3 Bh5 8. 0-0 h6 9. d4 Be7 10. Nbd2 Bg6 11. Ne5 Nxe5 12. dxe5 Ne4 13. Nxe4 Bxe4 14. f3 Bg6 15. cxd5 Qxd5 16. Qxd5 exd5 17. Rac1 0-0 18. Rfd1 Rfe8 19. Bd3 Bxd3 20. Rxd3 Bd8 21. Kf2 Bc7 22. f4 Bd8 23. Kf3 f6 24. e4 fxe5 25. Bxe5 dxe4+ 26. Kxe4 Re7 27. Rcd1 Bc7 28. Rd7 Rae8 29. Kf5 Bxe5 30. Rxe7 Rxe7 31. fxe5 Kf7 32. Rd6 Ke8 33. g4 Rc7 34. h4 c5 35. g5 hxg5 36. hxg5 b5 37. Rd2 c4 38. bxc4 bxc4 39. Rc2 Ke7 40. Rc3 Rc6 41. a3 1/2-1/2

[Event "Satu Mare Toamna Cup"]
[Site "Satu Mare"]
[Date "2014.09.19"]
[Round "8"]
[White "Levay, Sorin"]
[Black "Suciu, Dinu Simi"]
[Result "1-0"]
[WhiteElo "2327"]
[BlackElo "2187"]
[PlyCount "41"]
[EventDate "2014.09.15"]
[EventType "tourn"]
[EventRounds "9"]
[EventCountry "ROU"]
[EventCategory "2"]
[SourceTitle "EXT 2016"]
[Source "ChessBase"]
[SourceDate "2015.10.08"]
[SourceVersion "1"]
[SourceVersionDate "2015.10.08"]
[SourceQuality "1"]

1. e4 g6 2. d4 Bg7 3. Nc3 d6 4. Be3 Nf6 5. f3 Nc6 6. Qd2 e5 7. Nge2 0-0 8. 0-0-0 a6 9. d5 Ne7 10. g4 Ne8 11. Ng3 c5 12. h4 f6 13. Bxc5 dxc5 14. d6 Nc6 15. d7 Nd4 16. Bc4+ Kh8 17. dxc8Q Qxc8 18. h5 gxh5 19. Rxh5 Nxf3 20. Rdh1 Ng5 21. Qxg5 1-0

[Event "Satu Mare Toamna Cup"]
[Site "Satu Mare"]
[Date "2014.09.18"]
[Round "6"]
[White "Florescu, Codrut Constantin"]
[Black "Suciu, Dinu Simi"]
[Result "1/2-1/2"]
[WhiteElo "2191"]
[BlackElo "2187"]
[PlyCount "39"]
[EventDate "2014.09.15"]
[EventType "tourn"]
[EventRounds "9"]
[EventCountry "ROU"]
[EventCategory "2"]
[SourceTitle "EXT 2016"]
[Source "ChessBase"]
[SourceDate "2015.10.08"]
[SourceVersion "1"]
[SourceVersionDate "2015.10.08"]
[SourceQuality "1"]

1. d4 Nf6 2. c4 c5 3. d5 e5 4. Nc3 d6 5. e4 Be7 6. Bd3 Nbd7 7. Nge2 Nf8 8. f3 Ng6 9. Ng3 h5 10. b4 a6 11. Be3 Bd7 12. a4 b6 13. Kd2 Rb8 14. Qe2 Kf8 15. Qd1 Ne8 16. Qe2 Bf6 17. Qd1 Ne7 18. Qe2 Qc7 19. Qd1 Qd8 20. Qe2 1/2-1/2

[Event "ROM-chTA"]
[Site "Olanesti"]
[Date "2012.10.13"]
[Round "8.5"]
[White "Suciu, Dinu Simi"]
[Black "Zaim, Marian"]
[Result "1-0"]
[WhiteElo "2146"]
[BlackElo "2174"]
[PlyCount "81"]
[EventDate "2012.10.06"]
[EventType "team-tourn"]
[EventRounds "9"]
[EventCountry "ROU"]
[SourceTitle "CBM 150 Extra"]
[Source "ChessBase"]
[SourceDate "2012.10.19"]
[SourceVersion "1"]
[SourceVersionDate "2012.10.19"]
[SourceQuality "1"]
[WhiteTeam "Cugir CSO"]
[BlackTeam "Resita Muncitorul"]
[WhiteTeamCountry "ROU"]
[BlackTeamCountry "ROU"]

1. e4 c5 2. Nf3 d6 3. g3 Nf6 4. d3 Nc6 5. Bg2 g6 6. 0-0 Bg7 7. c3 0-0 8. Re1 e5 9. a3 h6 10. b4 a6 11. Nbd2 Be6 12. Bb2 cxb4 13. axb4 d5 14. exd5 Nxd5 15. Nb3 e4 16. Nfd4 Nxd4 17. Nxd4 Bxd4 18. cxd4 exd3 19. Qxd3 Qb6 20. Ba3 Rfd8 21. b5 Qxb5 22. Qd2 Kg7 23. Bc1 Rh8 24. Re5 Rad8 25. Ra5 Qb3 26. h4 b6 27. Rxa6 Qb1 28. Be4 Qb5 29. Bd3 Qc6 30. h5 Rc8 31. Bb2 g5 32. Ra7 Rc7 33. Rxc7 Qxc7 34. Ba3 Qd8 35. Bc4 Re8 36. Bb5 Rg8 37. Bc6 Nc7 38. d5 Bg4 39. Qd4 Qf6 40. Be7 Qf3 41. Rf5+ 1-0

[Event "ROM-chTA"]
[Site "Olanesti"]
[Date "2012.10.10"]
[Round "5.5"]
[White "Suciu, Dinu Simi"]
[Black "Andronescu, Madalin"]
[Result "1/2-1/2"]
[WhiteElo "2146"]
[BlackElo "2032"]
[PlyCount "82"]
[EventDate "2012.10.06"]
[EventType "team-tourn"]
[EventRounds "9"]
[EventCountry "ROU"]
[SourceTitle "CBM 150 Extra"]
[Source "ChessBase"]
[SourceDate "2012.10.19"]
[SourceVersion "1"]
[SourceVersionDate "2012.10.19"]
[SourceQuality "1"]
[WhiteTeam "Cugir CSO"]
[BlackTeam "Giurgiu"]
[WhiteTeamCountry "ROU"]
[BlackTeamCountry "ROU"]

1. Nf3 d5 2. g3 Nf6 3. Bg2 e6 4. 0-0 Be7 5. d3 b6 6. Nbd2 Bb7 7. e4 0-0 8. e5 Nfd7 9. Re1 c5 10. c3 Nc6 11. Nf1 Qc7 12. Bf4 Rfe8 13. h4 h6 14. Ne3 Nf6 15. h5 Nh7 16. Ng4 Qd8 17. Qd2 f5 18. exf6 Nxf6 19. Nxf6+ Bxf6 20. Ne5 Qe7 21. Bh3 Nxe5 22. Bxe5 Rad8 23. d4 Qf7 24. Bxf6 Qxf6 25. Re5 a5 26. Rae1 Rd6 27. Qe3 cxd4 28. cxd4 Bc8 29. f4 Qf7 30. Bg4 Rc6 31. Rxd5 Rc2 32. Rb5 Qc7 33. Rb3 e5 34. Bxc8 Rxc8 35. Qxe5 Qc6 36. d5 Qc5+ 37. Rbe3 Rd2 38. Qc3 Qxc3 39. Rxc3 Rxc3 40. bxc3 Rxd5 41. Rb1 Rd3 1/2-1/2

[Event "ROM-chTA"]
[Site "Olanesti"]
[Date "2012.10.07"]
[Round "2.5"]
[White "Martian, Dragos Daniel"]
[Black "Suciu, Dinu Simi"]
[Result "0-1"]
[WhiteElo "2125"]
[BlackElo "2146"]
[PlyCount "86"]
[EventDate "2012.10.06"]
[EventType "team-tourn"]
[EventRounds "9"]
[EventCountry "ROU"]
[SourceTitle "CBM 150 Extra"]
[Source "ChessBase"]
[SourceDate "2012.10.19"]
[SourceVersion "1"]
[SourceVersionDate "2012.10.19"]
[SourceQuality "1"]
[WhiteTeam "Galati"]
[BlackTeam "Cugir CSO"]
[WhiteTeamCountry "ROU"]
[BlackTeamCountry "ROU"]

1. e4 e6 2. Nf3 d5 3. Nc3 Nf6 4. e5 Nfd7 5. d4 c5 6. dxc5 Nc6 7. Bf4 Bxc5 8. Bd3 Qb6 9. 0-0 a6 10. a3 Qc7 11. Qe2 Nd4 12. Nxd4 Bxd4 13. Rfe1 Bxc3 14. bxc3 Qxc3 15. Qg4 Kf8 16. Qg5 Qc7 17. Re3 h6 18. Qh4 Nc5 19. Rg3 Nxd3 20. cxd3 Bd7 21. Rc1 Bc6 22. Be3 Rh7 23. Bc5+ Ke8 24. Bd6 Qd8 25. Qb4 a5 26. Qb2 f5 27. Qe2 g5 28. h4 g4 29. f4 Qxh4 30. Kf2 h5 31. d4 Qh2 32. Rcc3 h4 33. Rxg4 h3 34. Rcg3 fxg4 35. Qxg4 Kd7 36. f5 Ba4 37. Rxh3 Rxh3 38. Qg7+ Kc6 39. Qc7+ Kb5 40. Qxb7+ Kc4 41. Qc7+ Kd3 42. Qc1 Qg3+ 43. Kg1 Qe3+ 0-1